تقرير عن التنمية في منطقة الشرق الأوسط و شمال إفريقيا : تحقيق الاستفادة المثلى من الشحة : (رقم التسجيلة. 110405)
[ عرض عادي ]
| 000 -LEADER | |
|---|---|
| fixed length control field | 00864nam a22001937a 4500 |
| 005 - DATE AND TIME OF LATEST TRANSACTION | |
| control field | 20251108173714.0 |
| 008 - FIXED-LENGTH DATA ELEMENTS--GENERAL INFORMATION | |
| fixed length control field | 250721s2007 xx 000 0 ara d |
| 020 ## - INTERNATIONAL STANDARD BOOK NUMBER | |
| International Standard Book Number | 821370960 |
| 082 14 - DEWEY DECIMAL CLASSIFICATION NUMBER | |
| Classification number | ب.د/333.91/تقر |
| 245 10 - TITLE STATEMENT | |
| Title | تقرير عن التنمية في منطقة الشرق الأوسط و شمال إفريقيا : تحقيق الاستفادة المثلى من الشحة : |
| Remainder of title | المساءلة من أجل تحسين نتائج إدارة شؤون المياه في منطقة الشرق الأوسط و شمال افريقيا / |
| 264 1# - PRODUCTION, PUBLICATION, DISTRIBUTION, MANUFACTURE, AND COPYRIGHT NOTICE | |
| Place of production, publication, distribution, manufacture | واشنطن : |
| Name of producer, publisher, distributor, manufacturer | البنك الدولي للإنشاء و التعمير، |
| Date of production, publication, distribution, manufacture, or copyright notice | 2007. |
| 300 ## - PHYSICAL DESCRIPTION | |
| Extent | 225 ص. |
| 650 17 - SUBJECT ADDED ENTRY--TOPICAL TERM | |
| Topical term or geographic name as entry element | الاداره العامه للمياه |
| 650 17 - SUBJECT ADDED ENTRY--TOPICAL TERM | |
| Topical term or geographic name as entry element | التننميه |
| 650 17 - SUBJECT ADDED ENTRY--TOPICAL TERM | |
| Topical term or geographic name as entry element | الشرق الاوسط |
| 650 17 - SUBJECT ADDED ENTRY--TOPICAL TERM | |
| Topical term or geographic name as entry element | افريقيا |
| 942 ## - ADDED ENTRY ELEMENTS (KOHA) | |
| Source of classification or shelving scheme | Dewey Decimal Classification |
| Koha item type | كتب |
| حالة السحب | حالة الفقدان | مصدر التصنيف | حالة التلف | غير قابل للإعارة | المكتبة الرئيسية | المكتبة الحالية | موقع الرف | تاريخ التزويد | الرقم المتسلسل | Total Checkouts | رقم الإستدعاء | الباركود | تاريخ آخر ظهور | تاريخ الفاتورة | نوع المادة (كوها) |
|---|---|---|---|---|---|---|---|---|---|---|---|---|---|---|---|
| Dewey Decimal Classification | Not For Loan | المكتبة المركزية | المكتبة المركزية | مركز المعلومات العامة | 28/07/2025 | 1119921 | ب.د/333.91/تقر | 1119921 | 28/07/2025 | 28/07/2025 | كتب | ||||
| Dewey Decimal Classification | Not For Loan | المكتبة المركزية | المكتبة المركزية | مركز المعلومات العامة | 28/07/2025 | 1157436 | ب.د/333.91/تقر | 1157436 | 28/07/2025 | 28/07/2025 | كتب |